000 00707cam a22002171 4500
001 000019946
005 20200929170212.0
008 840425s1950 fr 000 0 fre
010 _a55040406
035 _a(OCoLC)10664074
040 _aDO-SdBNP
_cCU-L
_dDLC
042 _apremarc
050 0 0 _aLAW <Europe France 7 Sava 1950>
100 1 _aSavatier, Rene,
_d1892-
_942535
245 1 0 _aDu droit civil au droit public :
_ba travers les personnes, les biens, et la responsabilite civile.
250 _a2. ed.
260 _aParis :
_bLibrarie generale de droit et de jurisprudence,
_c1950.
300 _a179 p. ;
_c20 cm.
650 0 _aCivil law
_zFrance.
_942536
910 _aCatalogación derivada / LC
999 _c19459
_d19459